| 000 | 00712nam a2200181 a 4500 | ||
|---|---|---|---|
| 001 | 000041232 | ||
| 005 | 20201002034723.0 | ||
| 008 | 130926d1989 sp 000 0 spa d | ||
| 020 | _a8400069080 | ||
| 040 |
_aDO-SdBNP _bspa _cBNPHU |
||
| 100 | 1 |
_aIbáñez, Carlos _967813 |
|
| 245 | 1 | 0 |
_aCatálogo de Murcielagos de las Colecciones del Museo Nacional de Ciencias Naturales / _cCarlos Ibáñez, Rodrigo Fernández. |
| 260 |
_aMadrid : _bMuseo Nacional de Ciencias Naturalez _bConsejo Superior de Investigaciones Científicas, _c1989. |
||
| 300 |
_a54 p. : _b24 cm. |
||
| 504 | _aBibliografía : p. 49-50 | ||
| 700 | 1 |
_aFernández, Rodrigo _967814 |
|
| 710 | 2 |
_aConsejo Superior de Investigaciones Científicas _94786 |
|
| 999 |
_c40722 _d40722 |
||